Arthshastra : Indian Journal of Economics And Research (Record no. 9819)

MARC details
000 -LEADER
fixed length control field 00571nam a22001217a 4500
003 - CONTROL NUMBER IDENTIFIER
control field OSt
008 - FIXED-LENGTH DATA ELEMENTS--GENERAL INFORMATION
fixed length control field 201203b ||||| |||| 00| 0 eng d
245 ## - TITLE STATEMENT
Title Arthshastra : Indian Journal of Economics And Research
250 ## - EDITION STATEMENT
Edition statement 2017(Jan-Feb Vol.6 No.1, Mar-Apr Vol.6 No.2, May-Jun Vol.6 No.3, Jul-Aug Vol.6 No.4, Nov-Dec Vol.6 No.6, Sep-Oct Vol.6 No.5) 2018(Jan-Feb Vol.7 No.1, Mar-Apr Vol.7 No.2, May-Jun Vol.7 No.3, Jul-Aug Vol.7 No.4, Sep-Oct Vol.7 No.5, Nov-Dec Vol.7 No.6)
260 ## - PUBLICATION, DISTRIBUTION, ETC. (IMPRINT)
Name of publisher, distributor, etc Associated Management Consultants
Place of publication, distribution, etc New Delhi
650 ## - SUBJECT ADDED ENTRY--TOPICAL TERM
Topical term or geographic name as entry element Management
942 ## - ADDED ENTRY ELEMENTS (KOHA)
Source of classification or shelving scheme Dewey Decimal Classification
Koha item type BOUND VOLUME
Holdings
Withdrawn status Lost status Source of classification or shelving scheme Materials specified (bound volume or other part) Damaged status Not for loan Collection code Home library Current library Date acquired Source of acquisition Serial Enumeration / chronologySerial Enumeration / Volume No. Total Checkouts Acc. no. / Barcode Date last seen Bill Date Koha item type
    Dewey Decimal Classification Bound Volume   Not For Loan MBA PIET C-LIBRARY PIET C-LIBRARY 14/12/2020 Associated Management Consultants 2017(Jan-Feb Vol.6 No.1, Mar-Apr Vol.6 No.2, May-Jun Vol.6 No.3, Jul-Aug Vol.6 No.4, Nov-Dec Vol.6 No.6, Sep-Oct Vol.6 No.5) 2018(Jan-Feb Vol.7 No.1, Mar-Apr Vol.7 No.2, May-Jun Vol.7 No.3, Jul-Aug Vol.7 No.4, Sep-Oct Vol.7 No.5, Nov-Dec Vol.7 No.6)   BV558 14/12/2020 09/01/2017 BOUND VOLUME

Design & Developed by: PIET Central Library
R70 Miles Stone Pattikalyana Samalkha Panipat 132102
mail ID :- [email protected], Phone No:- 0180-2569700 Ex.216